[Event "FRA-ch Seniors"]
[Site "Albi"]
[Date "2022.08.15"]
[Round "3"]
[White "Bonnafous, Michel"]
[Black "Prie, Eric"]
[Result "0-1"]
[WhiteElo "1899"]
[BlackElo "2377"]
[PlyCount "66"]
[EventDate "2022.08.13"]
[EventType "swiss"]
[EventRounds "9"]
[EventCountry "FRA"]
[SourceTitle "CBM 210 Extra"]
[Source "ChessBase"]
[SourceDate "2022.11.30"]
[SourceVersion "1"]
[SourceVersionDate "2022.11.30"]
[SourceQuality "1"]

1. e4 d5 2. exd5 Qxd5 3. Nc3 Qa5 4. d4 Nf6 5. Nf3 Bf5 6. Bc4 e6 7. Bd2 c6 8. 0-0 Bb4 9. a3 Bxc3 10. Bxc3 Qc7 11. Re1 0-0 12. b4 Nbd7 13. Bb2 b5 14. Bf1 Nb6 15. Rc1 a5 16. c4 Nxc4 17. Bxc4 bxc4 18. Rxc4 axb4 19. axb4 Be4 20. Ne5 Qb7 21. Qc1 Bd5 22. Rc3 Ne4 23. Rh3 Qxb4 24. f3 Nd6 25. Bc3 Qb3 26. Nd7 Rfd8 27. Nc5 Qc4 28. Ba1 Qxc1 29. Rxc1 Ra2 30. Nd3 Rda8 31. Bc3 Nb5 32. Bb2 R8a4 33. Rh4 f6 0-1

[Event "PRO League Stage"]
[Site "Chess.com INT"]
[Date "2018.02.24"]
[Round "7"]
[White "Bonnafous, Michel"]
[Black "Della Morte, German"]
[Result "0-1"]
[WhiteElo "1958"]
[BlackElo "2353"]
[PlyCount "88"]
[EventDate "2018.01.18"]
[EventType "team-swiss (rapid)"]
[EventRounds "9"]
[EventCountry "USA"]
[SourceTitle "EXT 2019"]
[Source "ChessBase"]
[SourceDate "2018.10.10"]
[SourceVersion "1"]
[SourceVersionDate "2018.10.10"]
[SourceQuality "1"]
[WhiteTeam "Marseille Migraines"]
[BlackTeam "Buenos Aires Krakens"]
[WhiteTeamCountry "FRA"]
[BlackTeamCountry "ARG"]

1. e4 e5 2. Nf3 Nc6 3. Nc3 Nf6 4. a3 g6 5. Nxe5 Nxe5 6. d4 Nc6 7. d5 Bg7 8. dxc6 bxc6 9. Bd3 0-0 10. 0-0 d5 11. exd5 cxd5 12. Bf4 c6 13. Qd2 Be6 14. Na4 Nd7 15. Rab1 Re8 16. b4 Bf8 17. Rfe1 a5 18. Ra1 axb4 19. axb4 Bg7 20. c3 Qc8 21. Bd6 Qd8 22. Nc5 Nxc5 23. Bxc5 Qh4 24. Rxa8 Rxa8 25. Qb2 Qf4 26. Be3 Qe5 27. Bd2 Qb8 28. Rc1 Be5 29. g3 h5 30. f4 Qa7+ 31. Kg2 Bg7 32. Re1 h4 33. Be3 h3+ 34. Kf2 Qa2 35. Re2 Qxb2 36. Rxb2 Bxc3 37. Rc2 d4 38. Bd2 Bb3 39. Rxc3 dxc3 40. Bxc3 Ra2+ 41. Kf3 Rxh2 42. Be4 Ra2 43. g4 h2 44. Kg3 Bd5 0-1

[Event "PRO League Stage"]
[Site "Chess.com INT"]
[Date "2018.02.24"]
[Round "7"]
[White "Bonnafous, Michel"]
[Black "Lee, Megan Shuen Hui"]
[Result "0-1"]
[WhiteElo "1958"]
[BlackElo "2163"]
[PlyCount "80"]
[EventDate "2018.01.18"]
[EventType "team-swiss (rapid)"]
[EventRounds "9"]
[EventCountry "USA"]
[SourceTitle "EXT 2019"]
[Source "ChessBase"]
[SourceDate "2018.10.10"]
[SourceVersion "1"]
[SourceVersionDate "2018.10.10"]
[SourceQuality "1"]
[WhiteTeam "Marseille Migraines"]
[BlackTeam "Seattle Sluggers"]
[WhiteTeamCountry "FRA"]
[BlackTeamCountry "USA"]

1. e4 e5 2. Nf3 Nc6 3. Nc3 Nf6 4. a3 a6 5. d4 exd4 6. Nxd4 Bc5 7. Be3 Nxd4 8. Bxd4 Bxd4 9. Qxd4 d6 10. 0-0-0 Be6 11. h3 Qe7 12. f4 h5 13. g3 Bd7 14. Bg2 Bc6 15. Rhe1 0-0-0 16. Nd5 Qe6 17. Qa7 Nd7 18. c4 f6 19. b3 Rhe8 20. Nb4 Nb8 21. Qd4 f5 22. Nd5 Bxd5 23. cxd5 Qf7 24. e5 dxe5 25. fxe5 c6 26. e6 Qg6 27. Qf4 cxd5 28. Bxd5 Nc6 29. Kb1 Qf6 30. Rc1 Rxd5 31. Qc4 Rd6 32. e7 Rxe7 33. Rxe7 Qxe7 34. Qg8+ Kc7 35. Qc4 Re6 36. Rc2 Re1+ 37. Ka2 Qe5 38. Qf7+ Kb8 39. Qf8+ Ka7 40. Qf7 Qa1# 0-1

[Event "PRO League Stage"]
[Site "Chess.com INT"]
[Date "2018.02.24"]
[Round "7"]
[White "Bonnafous, Michel"]
[Black "Trakru, Rohun"]
[Result "1-0"]
[WhiteElo "1958"]
[BlackElo "1746"]
[PlyCount "73"]
[EventDate "2018.01.18"]
[EventType "team-swiss (rapid)"]
[EventRounds "9"]
[EventCountry "USA"]
[SourceTitle "EXT 2019"]
[Source "ChessBase"]
[SourceDate "2018.10.10"]
[SourceVersion "1"]
[SourceVersionDate "2018.10.10"]
[SourceQuality "1"]
[WhiteTeam "Marseille Migraines"]
[BlackTeam "Rio Grande Ospreys"]
[WhiteTeamCountry "FRA"]
[BlackTeamCountry "USA"]

1. e4 e6 2. Nf3 d5 3. e5 c5 4. Bb5+ Nc6 5. 0-0 Qb6 6. a4 Be7 7. c3 f6 8. d4 Bd7 9. Na3 a6 10. Bd3 c4 11. Bc2 0-0-0 12. b4 cxb3 13. Bxb3 fxe5 14. dxe5 Bc5 15. Rb1 Qa7 16. Nc2 Nge7 17. Ncd4 Bxd4 18. cxd4 Nf5 19. Bb2 Rhg8 20. Rc1 Kb8 21. Bc2 Rdf8 22. Ba3 Rf7 23. Bc5 b6 24. Rb1 Kc8 25. Rxb6 Qa8 26. Qd2 g5 27. Rc1 g4 28. Ne1 Kd8 29. Rcb1 Nfe7 30. Nd3 Nc8 31. Rb7 N8e7 32. R7b2 Rgf8 33. a5 h5 34. Ba4 Kc7 35. Bxc6 Bxc6 36. Bd6+ Kd7 37. Nc5+ 1-0

[Event "Geneve op 29th"]
[Site "Geneve"]
[Date "2012.12.26"]
[Round "1"]
[White "Bonnafous, Michel"]
[Black "Malakhatko, Vadim"]
[Result "0-1"]
[WhiteElo "2094"]
[BlackElo "2559"]
[PlyCount "64"]
[EventDate "2012.12.26"]
[EventType "swiss"]
[EventRounds "7"]
[EventCountry "SUI"]
[SourceTitle "CBM 152 Extra"]
[Source "ChessBase"]
[SourceDate "2013.02.25"]
[SourceVersion "1"]
[SourceVersionDate "2013.02.25"]
[SourceQuality "1"]

1. Nf3 Nf6 2. g3 d5 3. Bg2 c6 4. d3 Bf5 5. Nbd2 e6 6. c4 Be7 7. 0-0 0-0 8. h3 h6 9. b3 a5 10. a3 Bh7 11. Bb2 Nbd7 12. Re1 Re8 13. Qc2 Bd6 14. e4 e5 15. exd5 cxd5 16. cxd5 Rc8 17. Qd1 Bxd3 18. Nc4 Bxc4 19. bxc4 Rxc4 20. Qb3 Rc7 21. Nd2 Nc5 22. Qb5 Qd7 23. Qe2 Na4 24. Ne4 Nxe4 25. Bxe4 Nc3 26. Bxc3 Rxc3 27. a4 Qxh3 28. Qb5 Rec8 29. Bg2 Qf5 30. Qxa5 Bc5 31. Re2 Rxg3 32. Qe1 Qf3 0-1

[Event "FRA-chT2 South 0809"]
[Site "France"]
[Date "2009.03.15"]
[Round "9.3"]
[White "Bonnafous, Michel"]
[Black "Le Hetet, Nicolas"]
[Result "0-1"]
[WhiteElo "2102"]
[BlackElo "2085"]
[PlyCount "72"]
[EventDate "2008.10.12"]
[EventType "team-tourn"]
[EventRounds "11"]
[EventCountry "FRA"]
[SourceTitle "EXT 2010"]
[Source "ChessBase"]
[SourceDate "2010.11.25"]
[SourceVersion "1"]
[SourceVersionDate "2010.11.25"]
[SourceQuality "1"]
[WhiteTeam "Hyeres II"]
[BlackTeam "Agen"]
[WhiteTeamCountry "FRA"]
[BlackTeamCountry "FRA"]

1. e4 c5 2. Nf3 Nc6 3. Nc3 e5 4. Bc4 Be7 5. d3 d6 6. a3 Nf6 7. 0-0 0-0 8. Rb1 Bg4 9. Be3 Rc8 10. Nd5 Nxd5 11. Bxd5 b5 12. c3 a5 13. Qd2 Nb8 14. Ne1 Nd7 15. f4 exf4 16. Bxf4 Be6 17. Bxe6 fxe6 18. Nf3 b4 19. axb4 axb4 20. cxb4 cxb4 21. Be3 d5 22. Nd4 Nc5 23. Rxf8+ Bxf8 24. e5 Qc7 25. Bf4 h6 26. Rf1 Nd7 27. Kh1 Qb6 28. Ne2 Qa6 29. h3 Nc5 30. Rf3 Qa1+ 31. Ng1 Na4 32. Rf2 b3 33. Qa5 Bc5 34. Bg3 Bxf2 35. Bxf2 Qxb2 36. Qa7 Qc2 0-1

[Event "Cannes op"]
[Site "Cannes"]
[Date "2000.02.21"]
[Round "2"]
[White "Lamorelle, Yves"]
[Black "Bonnafous, Michel"]
[Result "1/2-1/2"]
[WhiteElo "2250"]
[BlackElo "2085"]
[PlyCount "67"]
[EventDate "2000.02.20"]
[EventType "swiss"]
[EventRounds "9"]
[EventCountry "FRA"]
[SourceTitle "EXT 2001"]
[Source "ChessBase"]
[SourceDate "2000.11.22"]
[SourceVersion "1"]
[SourceVersionDate "2000.11.22"]
[SourceQuality "1"]

1. e4 g6 2. d4 Bg7 3. Nc3 d6 4. h3 a6 5. g3 b5 6. Bg2 Bb7 7. Nge2 Nf6 8. a3 Nbd7 9. 0-0 Nb6 10. Be3 0-0 11. g4 e6 12. b3 Rc8 13. Ng3 Nfd7 14. Qd2 c5 15. Nce2 Qc7 16. c3 cxd4 17. Bxd4 e5 18. Be3 Nc5 19. Rab1 Rfd8 20. Bh6 d5 21. Bxg7 Kxg7 22. exd5 Nxd5 23. Qb2 Nd3 24. Qc2 N5f4 25. Bxb7 Qxb7 26. Nxf4 Nxf4 27. Qe4 Qxe4 28. Nxe4 f5 29. gxf5 gxf5 30. Ng3 Kf6 31. c4 bxc4 32. bxc4 Rxc4 33. Rb6+ Kg5 34. Kh2 1/2-1/2

[Event "Cannes op"]
[Site "Cannes"]
[Date "2000.02.20"]
[Round "1"]
[White "Bonnafous, Michel"]
[Black "Masserey, Yvan"]
[Result "0-1"]
[WhiteElo "2085"]
[BlackElo "2303"]
[PlyCount "102"]
[EventDate "2000.02.20"]
[EventType "swiss"]
[EventRounds "9"]
[EventCountry "FRA"]
[SourceTitle "EXT 2001"]
[Source "ChessBase"]
[SourceDate "2000.11.22"]
[SourceVersion "1"]
[SourceVersionDate "2000.11.22"]
[SourceQuality "1"]

1. e4 e6 2. d3 c5 3. Nf3 Nc6 4. g3 Nge7 5. Bg2 g6 6. 0-0 Bg7 7. Na3 0-0 8. c3 d5 9. Qe2 e5 10. exd5 Nxd5 11. Nc4 Re8 12. Re1 h6 13. Ne3 Nf4 14. gxf4 exf4 15. Qf1 fxe3 16. Bxe3 Ne5 17. Nxe5 Rxe5 18. Rad1 Bg4 19. f3 Be6 20. Qf2 Rh5 21. d4 Qc7 22. Qg3 Qxg3 23. hxg3 cxd4 24. Bxd4 Bxa2 25. Bxg7 Kxg7 26. Rd7 Rb5 27. Re2 Kf6 28. f4 Rb8 29. Red2 Be6 30. R7d6 Ke7 31. Kf2 Rc8 32. Bf3 h5 33. R6d4 Rc7 34. Bd1 Rbc5 35. Bf3 a5 36. Rd8 Rb5 37. R8d4 Rb6 38. Bd1 Rc5 39. Ra4 Rcb5 40. Ke3 Rxb2 41. Rxb2 Rxb2 42. Rxa5 Rg2 43. Bf3 Rxg3 44. Kf2 Rh3 45. Rb5 Kd6 46. Kg2 Bg4 47. Rb6+ Kc5 48. Bxg4 hxg4 49. Rxb7 f5 50. Rg7 Rxc3 51. Rxg6 Rf3 0-1

[Event "FRA-chT2S 9900"]
[Site "France"]
[Date "1999.11.20"]
[Round "2"]
[White "Adda, Olivier"]
[Black "Bonnafous, Michel"]
[Result "0-1"]
[WhiteElo "2115"]
[BlackElo "2075"]
[PlyCount "58"]
[EventDate "1999.01.15"]
[EventType "team"]
[EventRounds "7"]
[EventCountry "FRA"]
[SourceTitle "EXT 2002"]
[Source "ChessBase"]
[SourceDate "2001.11.25"]
[SourceVersion "1"]
[SourceVersionDate "2001.11.25"]
[SourceQuality "1"]

1. d4 g6 2. e4 Nf6 3. Nc3 d5 4. e5 Nh5 5. Be2 Ng7 6. Bh6 c6 7. Qd2 Nd7 8. Nf3 Nb6 9. 0-0 Nf5 10. Bxf8 Kxf8 11. g4 Ng7 12. Qh6 Bxg4 13. Ng5 Qd7 14. f4 Kg8 15. Nxf7 Kxf7 16. f5 Bxf5 17. e6+ Qxe6 18. Rae1 Qf6 19. Rf4 Nc8 20. Nd1 Nd6 21. Nf2 g5 22. Rxf5 Ndxf5 23. Qh3 h5 24. c3 g4 25. Qg2 Nh4 26. Qg3 Ngf5 27. Qc7 Nf3+ 28. Bxf3 gxf3 29. Nd3 Qg5+ 0-1

[Event "Toulon op 5th"]
[Site "Toulon"]
[Date "1999.11.03"]
[Round "6"]
[White "Bergez, Luc"]
[Black "Bonnafous, Michel"]
[Result "1-0"]
[WhiteElo "2373"]
[BlackElo "2086"]
[PlyCount "81"]
[EventDate "1999.10.??"]
[EventType "swiss"]
[EventRounds "9"]
[EventCountry "FRA"]
[SourceTitle "CBM 073 Extra"]
[Source "ChessBase"]
[SourceDate "2000.01.11"]
[SourceVersion "1"]
[SourceVersionDate "2000.01.11"]
[SourceQuality "1"]

1. e4 g6 2. d4 Nf6 3. Nc3 d5 4. e5 Nh5 5. Be3 Ng7 6. Qd2 h5 7. h3 c6 8. Nf3 Nd7 9. Be2 Nb6 10. b3 Bf5 11. Nh2 Qd7 12. Nf1 0-0-0 13. a4 f6 14. Bf4 Ne6 15. Bh2 Bh6 16. Ne3 Nf4 17. Bxf4 Bxf4 18. exf6 exf6 19. Bd3 Rde8 20. Bxf5 Qxf5 21. 0-0 Qg5 22. Rae1 Re7 23. Ncd1 Rhe8 24. Qc3 Kb8 25. a5 Nc8 26. a6 Nd6 27. axb7 Kxb7 28. Qb4+ Ka8 29. c4 Ne4 30. Qa4 Nd2 31. Qxc6+ Kb8 32. Re2 Nxf1 33. Kxf1 Rc8 34. Qxd5 Qxd5 35. Nxd5 Rxe2 36. Kxe2 Bh6 37. Kd3 Bg7 38. Ne7 Re8 39. Nxg6 Bh6 40. Ne3 Bxe3 41. fxe3 1-0

[Event "Hyeres op"]
[Site "Hyeres"]
[Date "1992.??.??"]
[Round "?"]
[White "Bonnafous, Michel"]
[Black "Anselmo, Aldo"]
[Result "0-1"]
[WhiteElo "2140"]
[BlackElo "2240"]
[PlyCount "77"]
[EventDate "1992.07.??"]
[EventType "swiss"]
[EventRounds "9"]
[EventCountry "FRA"]
[SourceTitle "TD"]
[Source "ChessBase"]
[SourceDate "1994.03.01"]
[SourceVersion "1"]
[SourceVersionDate "1994.03.01"]
[SourceQuality "1"]

1. g3 e5 2. Bg2 Nf6 3. d3 d5 4. a3 c5 5. Nd2 Nc6 6. Ngf3 Be7 7. 0-0 0-0 8. c3 a5 9. c4 d4 10. Rb1 Qc7 11. e4 dxe3 12. fxe3 h6 13. Qc2 Bf5 14. Nh4 Bh7 15. Nf5 Rad8 16. Ne4 Bxf5 17. Rxf5 Nh7 18. Rf1 Qd7 19. Nf2 f5 20. Qa4 g5 21. Bd2 Ra8 22. Bc3 Qc7 23. Rbe1 Nf6 24. Bh3 g4 25. Bg2 Bd6 26. Qd1 h5 27. Nh1 Qh7 28. Rf2 Rf7 29. Ref1 Ne7 30. Bxb7 Ra7 31. Be4 Qh6 32. Bxf5 Nxf5 33. Rxf5 Qxe3+ 34. Kg2 h4 35. Nf2 hxg3 36. hxg3 e4 37. Nxe4 Nxe4 38. Qxg4+ Kf8 39. dxe4 0-1

[Event "Hyeres op"]
[Site "Hyeres"]
[Date "1992.??.??"]
[Round "?"]
[White "Bonnafous, Michel"]
[Black "Eliet, Nicolas"]
[Result "0-1"]
[WhiteElo "2140"]
[BlackElo "2225"]
[PlyCount "94"]
[EventDate "1992.07.??"]
[EventType "swiss"]
[EventRounds "9"]
[EventCountry "FRA"]
[SourceTitle "TD"]
[Source "ChessBase"]
[SourceDate "1994.03.01"]
[SourceVersion "1"]
[SourceVersionDate "1994.03.01"]
[SourceQuality "1"]

1. g3 f5 2. Bg2 Nf6 3. d3 e5 4. Nc3 Nc6 5. e4 fxe4 6. Nxe4 Be7 7. h4 d6 8. Nh3 Bf5 9. Bg5 Qd7 10. Qd2 0-0-0 11. 0-0-0 d5 12. Nc3 Bb4 13. Bxf6 gxf6 14. Qh6 Bxc3 15. bxc3 Qd6 16. Kb2 Ne7 17. Rb1 Rhf8 18. Rhe1 Qe6 19. Rh1 Qb6+ 20. Ka1 Qc5 21. Qd2 Rd6 22. Rb3 Ra6 23. Rhb1 b6 24. Ng1 Rg8 25. Bf1 Qa5 26. R1b2 d4 27. Nf3 Nd5 28. cxd4 Qxd2 29. Nxd2 exd4 30. Bg2 Nc3 31. Ne4 Bxe4 32. dxe4 Re8 33. f3 h5 34. Bf1 Ra5 35. Rb4 c5 36. R4b3 Kc7 37. Bc4 Re7 38. Rxc3 dxc3 39. Rb3 Rg7 40. Rxc3 Rxg3 41. Bf7 Ra4 42. Rd3 Rd4 43. Bxh5 Rxd3 44. cxd3 Rh3 45. Kb2 Rxh4 46. Bg4 Rh2+ 47. Kb3 Kd6 0-1

[Event "Cannes op"]
[Site "Cannes"]
[Date "1990.??.??"]
[Round "2"]
[White "Ribeiro, Fernando"]
[Black "Bonnafous, Michel"]
[Result "1-0"]
[WhiteElo "2210"]
[BlackElo "2000"]
[PlyCount "67"]
[EventDate "1990.02.??"]
[EventType "swiss"]
[EventRounds "9"]
[EventCountry "FRA"]
[SourceTitle "EXT 1997"]
[Source "ChessBase"]
[SourceDate "1996.11.15"]
[SourceVersion "1"]
[SourceVersionDate "1996.11.15"]
[SourceQuality "1"]

1. e4 d6 2. d4 Nf6 3. Nc3 c6 4. Be2 Qa5 5. f3 e5 6. Be3 Be7 7. Qd2 0-0 8. g4 Nbd7 9. h4 b5 10. h5 b4 11. Nd1 d5 12. g5 Ne8 13. exd5 cxd5 14. g6 Nef6 15. gxh7+ Kh8 16. Nf2 exd4 17. Bxd4 Nc5 18. b3 Bf5 19. h6 g6 20. Bd3 Nxd3+ 21. cxd3 Kxh7 22. Ngh3 Nd7 23. Ng5+ Bxg5 24. Qxg5 f6 25. Qf4 Rae8+ 26. Kf1 Ne5 27. Kg2 Bxd3 28. a3 Be2 29. axb4 Bxf3+ 30. Kg3 Qxb4 31. Rxa7+ Re7 32. Rha1 Rff7 33. Rxe7 Qxe7 34. Ra7 1-0